[Event "Titled Tuesday intern op 13th Feb Late"]
[Site "Chess.com INT"]
[Date "2024.02.13"]
[Round "7"]
[White "Marczuk, Dominik"]
[Black "Georg, Heinz"]
[Result "1-0"]
[WhiteElo "2283"]
[BlackElo "2053"]
[PlyCount "89"]
[EventDate "2024.02.13"]
[EventType "swiss (blitz)"]
[EventRounds "11"]
[EventCountry "USA"]
[SourceTitle "CB08_2024"]
[SourceDate "2024.02.21"]
[SourceVersion "1"]
[SourceVersionDate "2024.02.21"]
[SourceQuality "1"]

1. c4 f5 2. Nc3 Nf6 3. g3 g6 4. Bg2 Bg7 5. d3 0-0 6. e3 d6 7. Nge2 e5 8. 0-0 Nc6 9. Rb1 a5 10. a3 h6 11. b4 axb4 12. axb4 g5 13. b5 Ne7 14. f4 gxf4 15. exf4 c6 16. Qb3 Kh8 17. h3 Be6 18. Kh2 Qe8 19. Ba3 e4 20. dxe4 Nxe4 21. Nxe4 fxe4 22. Bxd6 cxb5 23. Qxb5 Qxb5 24. cxb5 Bc4 25. Bxe7 Rfe8 26. Bc5 Bxe2 27. Rfe1 Ra2 28. Kg1 Bd3 29. Rb3 Rc8 30. Be3 Rcc2 31. Bf1 Rh2 32. Bxd3 Rag2+ 33. Kf1 exd3 34. Rxd3 Rxg3 35. Rd8+ Kh7 36. Bg1 Rf3+ 37. Bf2 Rfxf2+ 38. Kg1 Rfg2+ 39. Kf1 Rd2 40. Rxd2 Rxd2 41. Re7 b6 42. Rb7 Rd3 43. Rxb6 Rxh3 44. Kg2 Rb3 45. f5 1-0

[Event "Titled Tuesday intern op 13th Feb Late"]
[Site "Chess.com INT"]
[Date "2024.02.13"]
[Round "6"]
[White "Morales Garcia, Sergio Joshafatt"]
[Black "Georg, Heinz"]
[Result "1-0"]
[WhiteElo "2249"]
[BlackElo "2053"]
[PlyCount "107"]
[EventDate "2024.02.13"]
[EventType "swiss (blitz)"]
[EventRounds "11"]
[EventCountry "USA"]
[SourceTitle "CB08_2024"]
[SourceDate "2024.02.21"]
[SourceVersion "1"]
[SourceVersionDate "2024.02.21"]
[SourceQuality "1"]

1. d4 f5 2. c4 Nf6 3. Nf3 d6 4. d5 g6 5. g3 Bg7 6. Bg2 0-0 7. 0-0 a5 8. Nc3 Na6 9. Qc2 Nc5 10. b3 Bd7 11. Bb2 c6 12. Rad1 Rc8 13. Qb1 h6 14. Nd4 e5 15. dxe6 Nxe6 16. Nxe6 Bxe6 17. Rd2 Qe7 18. Rfd1 Rcd8 19. e4 f4 20. Ne2 fxg3 21. hxg3 Ng4 22. Bxg7 Kxg7 23. Nd4 Bc8 24. Qb2 Qf6 25. Nf3 Qxb2 26. Rxb2 Ne5 27. Nxe5 dxe5 28. Rbd2 Rxd2 29. Rxd2 Kf6 30. f4 Re8 31. Kf2 exf4 32. gxf4 h5 33. Ke3 Bg4 34. e5+ Kf7 35. Rd6 g5 36. Kd4 gxf4 37. Rf6+ Ke7 38. Rxf4 Rd8+ 39. Kc5 Rd2 40. Be4 Rxa2 41. Kb6 Rb2 42. Kxb7 Rxb3+ 43. Kxc6 a4 44. Bd5 a3 45. Rf7+ Ke8 46. Ra7 h4 47. c5 Rd3 48. Kd6 Kf8 49. Ra8+ Kg7 50. Rg8+ Kh7 51. Rxg4 a2 52. Rxh4+ Kg6 53. Ra4 Rd2 54. Rxa2 1-0

[Event "Titled Tuesday intern op 16th Jan Late"]
[Site "Chess.com INT"]
[Date "2024.01.16"]
[Round "2"]
[White "Ozates, Tuna"]
[Black "Georg, Heinz"]
[Result "1-0"]
[WhiteElo "2290"]
[BlackElo "2105"]
[PlyCount "75"]
[EventDate "2024.01.16"]
[EventType "swiss (blitz)"]
[EventRounds "11"]
[EventCountry "USA"]
[SourceTitle "CB04_2024"]
[SourceDate "2023.10.16"]
[SourceVersion "1"]
[SourceVersionDate "2023.10.16"]
[SourceQuality "1"]

1. e4 e5 2. Nc3 Nf6 3. d4 exd4 4. Qxd4 Nc6 5. Qd3 Bb4 6. Bd2 d6 7. 0-0-0 0-0 8. h4 Be6 9. h5 Ne5 10. Qg3 Bxc3 11. Qxc3 Nxe4 12. Qd4 Nxd2 13. Qxd2 Qf6 14. a3 h6 15. f3 c5 16. Nh3 Rad8 17. Nf4 d5 18. Re1 d4 19. Nxe6 fxe6 20. Re4 c4 21. f4 c3 22. bxc3 dxc3 23. Qxc3 Ng4 24. Qxf6 Rxf6 25. Bc4 Nf2 26. Rxe6 Nxh1 27. Re8+ Kh7 28. Rxd8 g5 29. Rd7+ Kh8 30. fxg5 hxg5 31. Rxb7 Rf2 32. g4 Rf4 33. Be6 Nf2 34. Rb4 Rf6 35. Bf5 Ra6 36. Kb2 Kg7 37. Rb7+ Kf6 38. h6 1-0

[Event "Titled Tuesday intern op 12th Dec Early"]
[Site "Chess.com INT"]
[Date "2023.12.12"]
[Round "3"]
[White "Georg, Heinz"]
[Black "Wu, Derek"]
[Result "0-1"]
[WhiteElo "2105"]
[BlackElo "2255"]
[PlyCount "82"]
[EventDate "2023.12.12"]
[EventType "swiss (blitz)"]
[EventRounds "11"]
[EventCountry "USA"]
[SourceTitle "CB51_2023"]
[SourceDate "2023.12.20"]
[SourceVersion "1"]
[SourceVersionDate "2023.12.20"]
[SourceQuality "1"]

1. e4 e6 2. c4 c5 3. Nf3 Nc6 4. Nc3 Nf6 5. d4 cxd4 6. Nxd4 Bb4 7. Nxc6 bxc6 8. Bd3 d5 9. cxd5 exd5 10. exd5 Nxd5 11. 0-0 0-0 12. Ne4 h6 13. Qf3 Re8 14. a3 Bf8 15. Rd1 a5 16. Bf4 Be6 17. Nc3 Qf6 18. Nxd5 Bxd5 19. Qg3 Kh8 20. Re1 Qxb2 21. Be5 Qd2 22. Re2 Qg5 23. Rae1 Re6 24. Qxg5 hxg5 25. Bf5 Rh6 26. Bb2 Rd6 27. Re8 Rdd8 28. R8e3 Kg8 29. Rh3 f6 30. Bh7+ Kf7 31. Bf5 Re8 32. Rhe3 Rxe3 33. fxe3 Rb8 34. Re2 Rb3 35. g3 Bxa3 36. Bd4 g6 37. Bd7 c5 38. e4 cxd4 39. exd5 d3 40. Be8+ Kf8 41. Re6 d2 0-1

[Event "Titled Tuesday intern op 19th Sep Late"]
[Site "Chess.com INT"]
[Date "2023.09.19"]
[Round "6"]
[White "Hirneise, Jens"]
[Black "Georg, Heinz"]
[Result "1-0"]
[WhiteElo "2277"]
[BlackElo "2118"]
[PlyCount "81"]
[EventDate "2023.09.19"]
[EventType "swiss (blitz)"]
[EventRounds "11"]
[EventCountry "USA"]
[SourceTitle "EXT 2024"]
[Source "ChessBase"]
[SourceDate "2023.10.10"]
[SourceVersion "1"]
[SourceVersionDate "2023.10.10"]
[SourceQuality "1"]

1. Nf3 f5 2. d4 Nf6 3. Bf4 g6 4. e3 Bg7 5. c4 0-0 6. Nc3 d6 7. d5 e5 8. dxe6 Bxe6 9. Be2 h6 10. h3 Nc6 11. 0-0 b6 12. Nd4 Nxd4 13. exd4 Ne4 14. Nxe4 fxe4 15. Qd2 g5 16. Be3 d5 17. b3 c6 18. Rad1 Qd7 19. f4 exf3 20. Bxf3 Rae8 21. Bh5 Rxf1+ 22. Rxf1 Rf8 23. Rxf8+ Bxf8 24. c5 bxc5 25. dxc5 Bg7 26. Bd4 Bxd4+ 27. Qxd4 Qg7 28. Qxg7+ Kxg7 29. Be8 Kf6 30. Bxc6 Ke5 31. Kf2 a5 32. Bb7 d4 33. Ke2 h5 34. Kd2 g4 35. hxg4 hxg4 36. g3 Bf5 37. a3 Be6 38. b4 axb4 39. axb4 Bd5 40. Bxd5 Kxd5 41. Kd3 1-0

[Event "Titled Tuesday intern op 19th Sep Late"]
[Site "Chess.com INT"]
[Date "2023.09.19"]
[Round "11"]
[White "Sultanbek, Zeinep"]
[Black "Georg, Heinz"]
[Result "1-0"]
[WhiteElo "2022"]
[BlackElo "2118"]
[PlyCount "79"]
[EventDate "2023.09.19"]
[EventType "swiss (blitz)"]
[EventRounds "11"]
[EventCountry "USA"]
[SourceTitle "EXT 2024"]
[Source "ChessBase"]
[SourceDate "2023.10.10"]
[SourceVersion "1"]
[SourceVersionDate "2023.10.10"]
[SourceQuality "1"]

1. d4 f5 2. e4 fxe4 3. Nc3 Nf6 4. Bg5 Nc6 5. d5 Ne5 6. Bxf6 exf6 7. Nxe4 f5 8. Nd2 Qf6 9. Be2 Bc5 10. c3 0-0 11. Ngf3 d6 12. 0-0 Bd7 13. b4 Bb6 14. c4 a5 15. a3 axb4 16. axb4 Rxa1 17. Qxa1 Re8 18. Nxe5 Rxe5 19. Bf3 Qe7 20. Qa8+ Kf7 21. Qxb7 Re1 22. h3 f4 23. c5 dxc5 24. Ne4 Rxf1+ 25. Kxf1 Bb5+ 26. Kg1 cxb4 27. d6 Qd7 28. Qd5+ Kf8 29. Ng5 cxd6 30. Nxh7+ Ke7 31. Qg5+ Ke8 32. Bh5+ g6 33. Bxg6+ Qf7 34. Bxf7+ Kxf7 35. Qxb5 Ke6 36. Qxb6 b3 37. Qxb3+ d5 38. Ng5+ Kf5 39. Qxd5+ Kf6 40. Nf3 1-0

[Event "Titled Tuesday intern op 05th Sep Early"]
[Site "Chess.com INT"]
[Date "2023.09.05"]
[Round "4"]
[White "Demina, Marya"]
[Black "Georg, Heinz"]
[Result "0-1"]
[WhiteElo "1890"]
[BlackElo "2118"]
[PlyCount "74"]
[EventDate "2023.09.05"]
[EventType "swiss (blitz)"]
[EventRounds "11"]
[EventCountry "USA"]
[SourceTitle "EXT 2024"]
[Source "ChessBase"]
[SourceDate "2023.10.10"]
[SourceVersion "1"]
[SourceVersionDate "2023.10.10"]
[SourceQuality "1"]

1. d4 f5 2. Nf3 Nf6 3. c4 g6 4. Nc3 Bg7 5. g3 0-0 6. Bg2 d6 7. 0-0 Qe8 8. e4 fxe4 9. Ng5 Nc6 10. d5 Ne5 11. Qe2 Bg4 12. Qe3 Nxc4 13. Qd4 Nb6 14. Ngxe4 Nfxd5 15. Qd3 Nxc3 16. Nxc3 c6 17. Re1 Rd8 18. Bg5 Rd7 19. Qe4 Bf5 20. Qe3 e5 21. Bh6 Qf7 22. Bxg7 Kxg7 23. a4 Nc8 24. a5 a6 25. h4 Re7 26. Qg5 h6 27. Qd2 d5 28. h5 g5 29. Re3 Nd6 30. Ree1 Nc4 31. Qc1 e4 32. b3 Ne5 33. Na4 Nd3 34. Qd1 Nxe1 35. Qxe1 Qf6 36. Nc5 Bg4 37. Qe3 Qxa1+ 0-1

[Event "Titled Tuesday intern op 05th Sep Early"]
[Site "Chess.com INT"]
[Date "2023.09.05"]
[Round "5"]
[White "Georg, Heinz"]
[Black "Gogolev, Artem"]
[Result "1-0"]
[WhiteElo "2118"]
[BlackElo "2250"]
[PlyCount "53"]
[EventDate "2023.09.05"]
[EventType "swiss (blitz)"]
[EventRounds "11"]
[EventCountry "USA"]
[SourceTitle "EXT 2024"]
[Source "ChessBase"]
[SourceDate "2023.10.10"]
[SourceVersion "1"]
[SourceVersionDate "2023.10.10"]
[SourceQuality "1"]

1. e4 c5 2. Nf3 e6 3. b3 b6 4. d4 cxd4 5. Nxd4 Bb7 6. Bd3 Nf6 7. Qe2 Nc6 8. Bb2 Nxd4 9. Bxd4 Bc5 10. Bxc5 bxc5 11. 0-0 0-0 12. c4 d5 13. e5 dxc4 14. Bxc4 Nd5 15. Qg4 h5 16. Qg3 Ne7 17. Nc3 Qd4 18. Nb5 Qe4 19. Rfe1 h4 20. Rxe4 hxg3 21. Re2 gxf2+ 22. Kxf2 Nf5 23. Nd6 Nxd6 24. exd6 Rad8 25. Rd1 Bd5 26. Bxd5 Rxd6 27. Rc2 1-0

[Event "Titled Tuesday intern op 05th Sep Early"]
[Site "Chess.com INT"]
[Date "2023.09.05"]
[Round "10"]
[White "Harriott, Tyrell"]
[Black "Georg, Heinz"]
[Result "1-0"]
[WhiteElo "1778"]
[BlackElo "2118"]
[PlyCount "105"]
[EventDate "2023.09.05"]
[EventType "swiss (blitz)"]
[EventRounds "11"]
[EventCountry "USA"]
[SourceTitle "EXT 2024"]
[Source "ChessBase"]
[SourceDate "2023.10.10"]
[SourceVersion "1"]
[SourceVersionDate "2023.10.10"]
[SourceQuality "1"]

1. d4 f5 2. e3 Nf6 3. Bd3 g6 4. f4 Bg7 5. Nf3 0-0 6. 0-0 b6 7. Nbd2 Bb7 8. Qe2 Ne4 9. Bxe4 fxe4 10. Ng5 e5 11. dxe5 Bxe5 12. Ndxe4 Bg7 13. Qc4+ d5 14. Qb3 Qe7 15. Ng3 Nd7 16. c4 Nc5 17. Qc2 Ba6 18. b4 Bxa1 19. bxc5 Bxc4 20. Rd1 Qxc5 21. Ne6 Qe7 22. Nxf8 Rxf8 23. e4 Qc5+ 24. Kh1 c6 25. e5 Bd4 26. a3 Be3 27. e6 Bxc1 28. Qxc1 Qe7 29. f5 gxf5 30. Qh6 f4 31. Nh5 Be2 32. Re1 Bxh5 33. Qxh5 Rf6 34. Qg5+ Kf8 35. h4 d4 36. Kg1 d3 37. Rd1 Qc5+ 38. Kh1 Qxg5 39. hxg5 Rxe6 40. Rxd3 Ke7 41. Rf3 Re4 42. Kh2 c5 43. Kh3 c4 44. Kg4 Re3 45. Rxf4 b5 46. Rf5 a6 47. a4 c3 48. axb5 c2 49. Rc5 axb5 50. Rxc2 b4 51. Rc7+ Kd6 52. Rxh7 Kc6 53. Rh8 1-0

[Event "Titled Tuesday intern op 05th Sep Early"]
[Site "Chess.com INT"]
[Date "2023.09.05"]
[Round "7"]
[White "Vivaan, Vishal Shah"]
[Black "Georg, Heinz"]
[Result "1-0"]
[WhiteElo "1954"]
[BlackElo "2118"]
[PlyCount "79"]
[EventDate "2023.09.05"]
[EventType "swiss (blitz)"]
[EventRounds "11"]
[EventCountry "USA"]
[SourceTitle "EXT 2024"]
[Source "ChessBase"]
[SourceDate "2023.10.10"]
[SourceVersion "1"]
[SourceVersionDate "2023.10.10"]
[SourceQuality "1"]

1. e4 e5 2. Nf3 Nc6 3. d4 exd4 4. Bc4 Bc5 5. c3 dxc3 6. Bxf7+ Kxf7 7. Qd5+ Kf8 8. Qxc5+ Qe7 9. Qxc3 Qxe4+ 10. Be3 d6 11. 0-0 Nf6 12. Nbd2 Qb4 13. Qc2 Bg4 14. Rfe1 Re8 15. Bg5 Qc5 16. Qb3 Bc8 17. Bxf6 gxf6 18. Ne4 Qf5 19. Ng3 Qg6 20. Qc3 Kg7 21. b4 a6 22. a4 Rxe1+ 23. Rxe1 Re8 24. Rc1 Re7 25. h3 Ne5 26. Nd4 h5 27. Re1 h4 28. Nge2 Kh7 29. Nf4 Qg5 30. Nd5 Rg7 31. Qc2+ Kh8 32. f3 Bxh3 33. Re2 Bc8 34. f4 Qg3 35. fxe5 fxe5 36. Nf5 Bxf5 37. Qxf5 h3 38. Qh5+ Kg8 39. Nf6+ Kf8 40. Qe8# 1-0

[Event "Titled Tuesday intern op 01st Aug Early"]
[Site "Chess.com INT"]
[Date "2023.08.01"]
[Round "11"]
[White "Georg, Heinz"]
[Black "Mirzanurov, Bulat"]
[Result "1-0"]
[WhiteElo "2118"]
[BlackElo "2232"]
[PlyCount "92"]
[EventDate "2023.08.01"]
[EventType "swiss (blitz)"]
[EventRounds "11"]
[EventCountry "USA"]
[SourceTitle "EXT 2024"]
[Source "ChessBase"]
[SourceDate "2023.10.10"]
[SourceVersion "1"]
[SourceVersionDate "2023.10.10"]
[SourceQuality "1"]

1. e4 c5 2. Nf3 d6 3. Bb5+ Bd7 4. Bxd7+ Qxd7 5. 0-0 Nf6 6. Re1 Nc6 7. c3 e6 8. d4 cxd4 9. cxd4 d5 10. e5 Ne4 11. Nbd2 Nxd2 12. Bxd2 Be7 13. h4 0-0 14. Bc3 Rac8 15. Qd3 h6 16. h5 a6 17. a3 b5 18. Bd2 Qb7 19. b4 Nb8 20. g4 Rc4 21. g5 hxg5 22. Bxg5 Nc6 23. Be3 Qd7 24. Nd2 f6 25. Nxc4 bxc4 26. Qg6 fxe5 27. h6 Bf6 28. dxe5 Nxe5 29. Qg3 Qf7 30. Bc5 Re8 31. Rxe5 Bxe5 32. Qxe5 Qg6+ 33. Qg3 Qxh6 34. Re1 Qf6 35. Bd6 Qf7 36. Be5 Rc8 37. Re3 Rd8 38. Rf3 Qb7 39. Bd4 Qd7 40. Qg5 Rf8 41. Rg3 Rf7 42. Rh3 Rf5 43. Qh4 e5 44. Qh8+ Kf7 45. Rg3 Ke6 46. Rxg7 Qe8 1-0

[Event "Titled Tuesday intern op 01st Aug Late"]
[Site "Chess.com INT"]
[Date "2023.08.01"]
[Round "2"]
[White "Hernando Rodrigo, Julio Antonio"]
[Black "Georg, Heinz"]
[Result "0-1"]
[WhiteElo "2238"]
[BlackElo "2118"]
[PlyCount "40"]
[EventDate "2023.08.01"]
[EventType "swiss (blitz)"]
[EventRounds "11"]
[EventCountry "USA"]
[SourceTitle "EXT 2024"]
[Source "ChessBase"]
[SourceDate "2023.10.10"]
[SourceVersion "1"]
[SourceVersionDate "2023.10.10"]
[SourceQuality "1"]

1. d4 e6 2. c4 f5 3. Nf3 Nf6 4. g3 Be7 5. Bg2 0-0 6. 0-0 d6 7. Nc3 Ne4 8. Qc2 Nxc3 9. bxc3 Nc6 10. e4 e5 11. d5 Na5 12. Nd2 b6 13. exf5 Bxf5 14. Be4 Qd7 15. Ba3 Rf7 16. Bb4 Nb7 17. a4 a5 18. Ba3 Raf8 19. Rae1 Bg5 20. Nf3 Bxe4 0-1

[Event "Titled Tuesday intern op 01st Aug Early"]
[Site "Chess.com INT"]
[Date "2023.08.01"]
[Round "4"]
[White "Principe, Gerson"]
[Black "Georg, Heinz"]
[Result "1-0"]
[WhiteElo "2213"]
[BlackElo "2118"]
[PlyCount "93"]
[EventDate "2023.08.01"]
[EventType "swiss (blitz)"]
[EventRounds "11"]
[EventCountry "USA"]
[SourceTitle "EXT 2024"]
[Source "ChessBase"]
[SourceDate "2023.10.10"]
[SourceVersion "1"]
[SourceVersionDate "2023.10.10"]
[SourceQuality "1"]

1. Nf3 f5 2. d4 Nf6 3. g3 g6 4. Bg2 Bg7 5. 0-0 0-0 6. c4 d6 7. Nc3 Qe8 8. d5 a5 9. Nd4 Na6 10. Bg5 Bd7 11. Rc1 Nc5 12. Qd2 Ng4 13. h3 Ne5 14. b3 c6 15. Bh6 Bxh6 16. Qxh6 Nf7 17. Qd2 e5 18. dxe6 Nxe6 19. Nxe6 Bxe6 20. e3 Qe7 21. Rfd1 Rfd8 22. Qd4 Rd7 23. Rd2 g5 24. Rcd1 h6 25. Na4 Ra6 26. Qb2 f4 27. exf4 gxf4 28. gxf4 Qh4 29. Qc3 Qxf4 30. Qg3+ Qxg3 31. fxg3 b5 32. cxb5 cxb5 33. Nc3 b4 34. Ne4 Kg7 35. g4 Rc6 36. Ng5 hxg5 37. Bxc6 Rc7 38. Bd5 Bd7 39. Bxf7 Kxf7 40. Rxd6 Bb5 41. R6d5 Bc6 42. Rxg5 Kf6 43. Rc5 Rc8 44. Rdc1 Bd7 45. Rxc8 Bxc8 46. Rxc8 Ke5 47. Ra8 1-0

[Event "Titled Tuesday intern op 01st Aug Late"]
[Site "Chess.com INT"]
[Date "2023.08.01"]
[Round "11"]
[White "Tarnowska, Aleksandra"]
[Black "Georg, Heinz"]
[Result "1-0"]
[WhiteElo "1860"]
[BlackElo "2118"]
[PlyCount "141"]
[EventDate "2023.08.01"]
[EventType "swiss (blitz)"]
[EventRounds "11"]
[EventCountry "USA"]
[SourceTitle "EXT 2024"]
[Source "ChessBase"]
[SourceDate "2023.10.10"]
[SourceVersion "1"]
[SourceVersionDate "2023.10.10"]
[SourceQuality "1"]

1. e4 c5 2. Nf3 Nc6 3. Bb5 Nf6 4. e5 Ng4 5. Bxc6 bxc6 6. h3 Nh6 7. 0-0 g6 8. d3 Bg7 9. Nc3 Nf5 10. Ne4 d6 11. Bf4 d5 12. Nxc5 Qb6 13. Nb3 0-0 14. d4 Ba6 15. Re1 e6 16. Bg5 h6 17. Be3 Bc4 18. Qd2 Nxe3 19. Rxe3 Rad8 20. Qa5 Rfe8 21. Qxb6 axb6 22. Nfd2 Ba6 23. a3 Rc8 24. c3 c5 25. f4 Rc7 26. g4 h5 27. Kf2 hxg4 28. hxg4 Kf8 29. Rh1 Ke7 30. Rh7 Rg8 31. Nf3 Kf8 32. Ng5 Rh8 33. Reh3 Rxh7 34. Nxh7+ Ke7 35. Ng5 Rc8 36. Rh7 Rg8 37. dxc5 Bc4 38. Nd4 bxc5 39. Nc6+ Kd7 40. Na5 Bb5 41. Nxf7 Kc7 42. Ng5 Bd7 43. Nb3 Kc6 44. Ke3 Bf8 45. Nxc5 Bxc5+ 46. Kf3 Rb8 47. b4 Ba7 48. Nf7 d4 49. cxd4 Bxd4 50. Nd6 Ra8 51. Nc4 Ra7 52. Ke4 Kb5 53. Kxd4 Bc6 54. Rxa7 Bd5 55. Nd6+ Kc6 56. Ra6+ Kc7 57. b5 Bb7 58. Ra4 Bd5 59. Rb4 Kb6 60. a4 Ka5 61. Rb2 Kb6 62. Nc4+ Kb7 63. a5 Kc7 64. a6 Kb8 65. b6 Kc8 66. Nd6+ Kd7 67. Kc5 Ke7 68. b7 Bxb7 69. axb7 g5 70. b8Q gxf4 71. Qe8# 1-0

[Event "Titled Tuesday intern op 25th Jul Late"]
[Site "Chess.com INT"]
[Date "2023.07.25"]
[Round "10"]
[White "Georg, Heinz"]
[Black "Gulamirian, Korun"]
[Result "1-0"]
[WhiteElo "2118"]
[BlackElo "1816"]
[PlyCount "53"]
[EventDate "2023.07.25"]
[EventType "swiss (blitz)"]
[EventRounds "11"]
[EventCountry "USA"]
[SourceTitle "EXT 2024"]
[Source "ChessBase"]
[SourceDate "2023.10.10"]
[SourceVersion "1"]
[SourceVersionDate "2023.10.10"]
[SourceQuality "1"]

1. c4 Nf6 2. Nc3 g5 3. d4 h6 4. e4 Bg7 5. Bd3 d6 6. Nf3 Bg4 7. h3 Bh5 8. Be3 Nc6 9. g4 Bg6 10. d5 Nb4 11. Bb1 Qd7 12. a3 Na6 13. b4 b6 14. Bd3 e6 15. Rc1 exd5 16. cxd5 0-0 17. Bxa6 Nxe4 18. Nxe4 Bxe4 19. Bd3 Rfe8 20. Bxe4 Rxe4 21. 0-0 Be5 22. Nxe5 dxe5 23. Qf3 Qxd5 24. Rfd1 Qb7 25. Rc4 f5 26. gxf5 g4 27. hxg4 1-0

[Event "Titled Tuesday intern op 25th Jul Late"]
[Site "Chess.com INT"]
[Date "2023.07.25"]
[Round "11"]
[White "Golubev, Mikhail"]
[Black "Georg, Heinz"]
[Result "0-1"]
[WhiteElo "2461"]
[BlackElo "2118"]
[PlyCount "48"]
[EventDate "2023.07.25"]
[EventType "swiss (blitz)"]
[EventRounds "11"]
[EventCountry "USA"]
[SourceTitle "EXT 2024"]
[Source "ChessBase"]
[SourceDate "2023.10.10"]
[SourceVersion "1"]
[SourceVersionDate "2023.10.10"]
[SourceQuality "1"]

1. e4 c5 2. Nf3 Nc6 3. Nc3 d6 4. d4 cxd4 5. Nxd4 e5 6. Nf5 Bxf5 7. exf5 Nf6 8. Bc4 Nd4 9. Bg5 Be7 10. Bxf6 Bxf6 11. 0-0 Nxf5 12. Qf3 Nd4 13. Qxb7 0-0 14. Bd3 Rb8 15. Qe4 g6 16. Rab1 Bg7 17. Qd5 Kh8 18. Ne4 Rb6 19. c3 Ne6 20. g3 f5 21. Nd2 Nc7 22. Qa5 Qb8 23. Nb3 d5 24. Be2 f4 0-1